000 00550nam a22001697a 4500
005 20240401080029.0
008 240401b ||||| |||| 00| 0 eng d
040 _aCO-BoUCM
_cDavid Moreno
_dDavid Moreno
041 _afre
100 1 _aBuenzod, Emmanuel
_9180374
245 1 0 _aPouvoirs de Beethoven
_cEmmanuel Buenzod
260 _aParis
_bEditions R.A. Correa
_c1936
300 _a241 Paginas
600 1 _aLudwig van Beethoven
_9180375
_d1770-1827
942 _2DEWEY
_a17
_cLIBRO
_e5
_h780.92
_mB928p
_n0
999 _c324051
_d324051